Introductory algebra : (Record no. 27789)
[ view plain ]
| 000 -LEADER | |
|---|---|
| fixed length control field | 01057cam a2200289 a 4500 |
| 001 - CONTROL NUMBER | |
| control field | 12634867 |
| 005 - DATE AND TIME OF LATEST TRANSACTION | |
| control field | 20170210142342.0 |
| 008 - FIXED-LENGTH DATA ELEMENTS--GENERAL INFORMATION | |
| fixed length control field | 020104s2003 maua 001 0 eng |
| 010 ## - LIBRARY OF CONGRESS CONTROL NUMBER | |
| LC control number | 2002100092 |
| 020 ## - INTERNATIONAL STANDARD BOOK NUMBER | |
| International Standard Book Number | 0618203230 (Student ed.) |
| 020 ## - INTERNATIONAL STANDARD BOOK NUMBER | |
| International Standard Book Number | 0618203249 (Instructor's annotated ed.) |
| 035 ## - SYSTEM CONTROL NUMBER | |
| System control number | (DLC) 2002100092 |
| 050 00 - LIBRARY OF CONGRESS CALL NUMBER | |
| Classification number | QA 152.3.A85 2003 |
| 100 1# - MAIN ENTRY--PERSONAL NAME | |
| Personal name | Aufmann, Richard N. |
| 245 10 - TITLE STATEMENT | |
| Title | Introductory algebra : |
| Remainder of title | an applied approach. |
| 250 ## - EDITION STATEMENT | |
| Edition statement | 6th ed. / |
| Remainder of edition statement | Richard N. Aufmann, Vernon C. Barker, Joanne S. Lockwood. |
| 260 ## - PUBLICATION, DISTRIBUTION, ETC. (IMPRINT) | |
| Place of publication, distribution, etc. | Boston : |
| Name of publisher, distributor, etc. | Houghton Mifflin Co., |
| Date of publication, distribution, etc. | c2003. |
| 300 ## - PHYSICAL DESCRIPTION | |
| Extent | 1 v. (various pagings) : |
| Other physical details | ill. (some col.) ; |
| Dimensions | 28 cm. |
| 500 ## - GENERAL NOTE | |
| General note | Includes index. |
| 650 #0 - SUBJECT ADDED ENTRY--TOPICAL TERM | |
| Topical term or geographic name as entry element | Algebra. |
| 700 1# - ADDED ENTRY--PERSONAL NAME | |
| Personal name | Barker, Vernon C. |
| 700 1# - ADDED ENTRY--PERSONAL NAME | |
| Personal name | Lockwood, Joanne S. |
| 942 ## - ADDED ENTRY ELEMENTS (KOHA) | |
| Source of classification or shelving scheme | |
| Koha item type | Hard Covered Materials |
| Withdrawn status | Lost status | Source of classification or shelving scheme | Damaged status | Not for loan | Home library | Current library | Shelving location | Date acquired | Source of acquisition | Total Checkouts | Full call number | Barcode | Date last seen | Price effective from | Koha item type |
|---|---|---|---|---|---|---|---|---|---|---|---|---|---|---|---|
| MACHAKOS UNIVERSITY LIBRARY | MACHAKOS UNIVERSITY LIBRARY | Technical section | 10/02/2017 | Donation(BFA) | QA 152.3 .A85 2003 | 35659 | 18/07/2018 | 10/02/2017 | Hard Covered Materials |